<?xml version="1.0" encoding="UTF-8"?>
<record
    xmlns:xsi="http://www.w3.org/2001/XMLSchema-instance"
    xsi:schemaLocation="http://www.loc.gov/MARC21/slim http://www.loc.gov/standards/marcxml/schema/MARC21slim.xsd"
    xmlns="http://www.loc.gov/MARC21/slim">

  <leader>01566nam a2200181Ia 4500</leader>
  <controlfield tag="005">20260302161543.0</controlfield>
  <controlfield tag="008">260302s9999    xx          000 0 und d</controlfield>
  <datafield tag="020" ind1=" " ind2=" ">
    <subfield code="a">9780792335009</subfield>
  </datafield>
  <datafield tag="082" ind1=" " ind2=" ">
    <subfield code="a">338.9</subfield>
    <subfield code="b">LEN</subfield>
  </datafield>
  <datafield tag="100" ind1=" " ind2=" ">
    <subfield code="a">Lemons, J.</subfield>
  </datafield>
  <datafield tag="245" ind1=" " ind2="0">
    <subfield code="a">Sustainable Development: Science, Ethics, and Public Policy / </subfield>
    <subfield code="c">Lemons, J.; Brown, Donald A.</subfield>
  </datafield>
  <datafield tag="260" ind1=" " ind2=" ">
    <subfield code="b">Springer, </subfield>
    <subfield code="c">1995</subfield>
  </datafield>
  <datafield tag="300" ind1=" " ind2=" ">
    <subfield code="a">284 pages</subfield>
  </datafield>
  <datafield tag="520" ind1=" " ind2=" ">
    <subfield code="a">Of all the books written about the problems of sustainable development and environmental protection, Sustainable Development: Science, Ethics, and Public Policy is one of the first to examine the role of science, economics and law, and ethics as generally applied to decision making on sustainable development, particularly in respect to the recommendations contained in Agenda 21. Specifically, the book examines the role, capabilities, and certain strengths and weaknesses of these disciplines and their ethical implications in the context of sustainable development problems. Such an analysis is necessary to determine whether sustainable development problems create important new challenges and problems for government so that, where appropriate, new tools or approaches may be designed to overcome limitations or take advantage of the strengths of current scientific, economic and legal capabilities. Audience: Environmental professionals, whether academic, governmental or industrial, or in the private consultancy sector. Also suitable as an upper level text or reference.</subfield>
  </datafield>
  <datafield tag="650" ind1=" " ind2=" ">
    <subfield code="a">Science</subfield>
  </datafield>
  <datafield tag="700" ind1=" " ind2=" ">
    <subfield code="a">Brown, Donald A.</subfield>
  </datafield>
  <datafield tag="942" ind1=" " ind2=" ">
    <subfield code="c">ENGLISH</subfield>
  </datafield>
  <datafield tag="999" ind1=" " ind2=" ">
    <subfield code="c">616678</subfield>
    <subfield code="d">616678</subfield>
  </datafield>
  <datafield tag="952" ind1=" " ind2=" ">
    <subfield code="0">0</subfield>
    <subfield code="1">0</subfield>
    <subfield code="4">0</subfield>
    <subfield code="7">0</subfield>
    <subfield code="a">ACL</subfield>
    <subfield code="b">ACL</subfield>
    <subfield code="c">4A</subfield>
    <subfield code="d">2026-03-02</subfield>
    <subfield code="l">0</subfield>
    <subfield code="o">338.9 LEN</subfield>
    <subfield code="p">208761</subfield>
    <subfield code="r">2026-03-02 16:15:43</subfield>
    <subfield code="w">2026-03-02</subfield>
    <subfield code="y">ENGLISH</subfield>
  </datafield>
</record>
